|
|
|
|
| LEADER |
01739nam a22005295i 4500 |
| 001 |
978-1-4020-9434-7 |
| 003 |
DE-He213 |
| 005 |
20151030031121.0 |
| 007 |
cr nn 008mamaa |
| 008 |
100301s2009 ne | s |||| 0|eng d |
| 020 |
|
|
|a 9781402094347
|9 978-1-4020-9434-7
|
| 024 |
7 |
|
|a 10.1007/978-1-4020-9434-7
|2 doi
|
| 040 |
|
|
|d GrThAP
|
| 050 |
|
4 |
|a R-RZ
|
| 072 |
|
7 |
|a MBGR
|2 bicssc
|
| 072 |
|
7 |
|a MED000000
|2 bisacsh
|
| 082 |
0 |
4 |
|a 610
|2 23
|
| 245 |
1 |
0 |
|a Protein Folding and Misfolding: Neurodegenerative Diseases
|h [electronic resource] /
|c edited by Judit Ovádi, Ferenc Orosz.
|
| 264 |
|
1 |
|a Dordrecht :
|b Springer Netherlands,
|c 2009.
|
| 300 |
|
|
|a XIV, 278 p.
|b online resource.
|
| 336 |
|
|
|a text
|b txt
|2 rdacontent
|
| 337 |
|
|
|a computer
|b c
|2 rdamedia
|
| 338 |
|
|
|a online resource
|b cr
|2 rdacarrier
|
| 347 |
|
|
|a text file
|b PDF
|2 rda
|
| 490 |
1 |
|
|a Focus on Structural Biology,
|x 1571-4853 ;
|v 7
|
| 650 |
|
0 |
|a Medicine.
|
| 650 |
|
0 |
|a Molecular biology.
|
| 650 |
|
0 |
|a Neurosciences.
|
| 650 |
|
0 |
|a Medical biochemistry.
|
| 650 |
|
0 |
|a Cell biology.
|
| 650 |
|
0 |
|a Neurobiology.
|
| 650 |
1 |
4 |
|a Biomedicine.
|
| 650 |
2 |
4 |
|a Biomedicine general.
|
| 650 |
2 |
4 |
|a Molecular Medicine.
|
| 650 |
2 |
4 |
|a Neurosciences.
|
| 650 |
2 |
4 |
|a Cell Biology.
|
| 650 |
2 |
4 |
|a Medical Biochemistry.
|
| 650 |
2 |
4 |
|a Neurobiology.
|
| 700 |
1 |
|
|a Ovádi, Judit.
|e editor.
|
| 700 |
1 |
|
|a Orosz, Ferenc.
|e editor.
|
| 710 |
2 |
|
|a SpringerLink (Online service)
|
| 773 |
0 |
|
|t Springer eBooks
|
| 776 |
0 |
8 |
|i Printed edition:
|z 9781402094330
|
| 830 |
|
0 |
|a Focus on Structural Biology,
|x 1571-4853 ;
|v 7
|
| 856 |
4 |
0 |
|u http://dx.doi.org/10.1007/978-1-4020-9434-7
|z Full Text via HEAL-Link
|
| 912 |
|
|
|a ZDB-2-SBL
|
| 950 |
|
|
|a Biomedical and Life Sciences (Springer-11642)
|